000
00336nam a2200157Ia 4500
005
20250425161446.0
008
250425s9999 xx 000 0 und d
041
_a
spa
082
_a
IBM4381
245
0
_a
PILAS ELECTRICAS
250
_a
S.E.
260
_a
S.L.
260
_a
Sin Pais
_b
CEND
_c
1962
942
_c
01
010
_a
20803
999
_c
209695
_d
209695